00809nam a22002297a 450000500170000001000130001702000100003003500130004003700160005304000120006908200150008124501020009626000440019827000510024230000280029365000400032165000230036170000300038494200240041499900190043895201220045720170124110050.0 aA-159549 c00.00 aA-159549 bCen Lib/Ret aDPLbEN a799.2bJIM aJim corbbett :cillustrated by Raymond Sheppardbthe temple tiger and more man-eaters of kumaon / aBombay bOxford University Press c1982 aOxford House , Apollo bunder bBombay e400039 a183p. ;b16cm(Hb)cill. aNational park (temple tiger)925287 aJim corbett925288 aSheppard, Raymond 925289 2ddccENh799.2kJIM c129068d129068 00104070aLbLd2015-07-04eCen Lib/Retg0.00l0o799.2 JIMpA-159549r2015-07-04 00:00:00t1v0.00w2015-07-04yEN